[Event "Goodbye Summer Open"]
[Site "Omis CRO"]
[Date "2004.10.08"]
[Round "4"]
[White "Fercec,N"]
[Black "Biliskov,V"]
[Result "1-0"]
[WhiteElo "2477"]
[BlackElo "2325"]

1.e4 c5 2.Nf3 d6 3.d4 cxd4 4.Nxd4 Nf6 5.Nc3 Nc6 6.Bg5 Qb6 7.Nb3 e6 8.Qd2 a6
9.O-O-O Qc7 10.f3 b5 11.Bxb5 axb5 12.Nxb5 Qb8 13.Nxd6+ Bxd6 14.Qxd6 Qxd6
15.Rxd6 Na5 16.Nxa5 Rxa5 17.Rhd1 O-O 18.Bxf6 gxf6 19.Kb1 e5 20.b3 Be6 21.Rd8 Ra8
22.Rxa8 Rxa8 23.g4 Kg7 24.a4 h5 25.Kb2 Kg6 26.gxh5+ Kg5 27.h6 Kf4 28.h7 Kxf3
29.a5 f5 30.a6 fxe4 31.a7 Kf2 32.Rd2+ Kg1 33.Rd1+ Kg2 34.Rd2+ Kh3 35.Rd6 e3
36.Rb6 Rh8 37.Rb8 Bd5 38.Rxh8 e2 39.a8=Q Bxa8 40.Rxa8  1-0

[Event "Goodbye Summer Open"]
[Site "Omis CRO"]
[Date "2004.10.08"]
[Round "4"]
[White "Zufic,M"]
[Black "Brulic,D"]
[Result "1-0"]
[WhiteElo "2370"]
[BlackElo "2241"]

1.e4 c5 2.Nf3 Nc6 3.d4 cxd4 4.Nxd4 Nf6 5.Nc3 d6 6.Bg5 e6 7.Qd2 a6 8.O-O-O h6
9.Be3 Bd7 10.f4 Be7 11.Kb1 b5 12.Bd3 Nxd4 13.Bxd4 b4 14.Ne2 Bc6 15.Qe3 Qb8
16.e5 dxe5 17.Bxe5 Qb7 18.Rhg1 O-O 19.g4 Ne4 20.g5 Bc5 21.Qh3 Bxg1 22.gxh6 Nf2
23.Rxg1 f5 24.Qh4 Ng4 25.Bxg7 Rfd8  1-0

[Event "Tch-FIN 2004-5"]
[Site "Finland FIN"]
[Date "2004.10.09"]
[Round "3"]
[White "Penttinen,J"]
[Black "Niemela,A"]
[Result "1-0"]
[WhiteElo "2304"]
[BlackElo "2265"]

1.e4 c5 2.Nf3 d6 3.d4 cxd4 4.Nxd4 Nf6 5.Nc3 Nc6 6.Bg5 e6 7.Qd2 a6 8.O-O-O h6
9.Nxc6 bxc6 10.Bf4 d5 11.Qe3 Bb4 12.Be2 Qa5 13.Be5 Bxc3 14.Bxc3 Qxa2 15.Bf3 O-O
16.g4 Qa1+ 17.Kd2 Qa4 18.g5 Nxe4+ 19.Bxe4 Qxe4 20.Qxe4 dxe4 21.gxh6 Rd8+
22.Ke3 Rxd1 23.Rxd1 gxh6 24.Kxe4 e5 25.Rd8+ Kg7 26.Kxe5 Bb7 27.Kf4+ Kg6 28.Rd6+ Kh7
29.Rd7 Bc8 30.Rxf7+ Kg8 31.Rg7+ Kf8 32.Rh7 c5 33.Rxh6 Ke7 34.Rc6 Bd7 35.Rxc5 Rf8+
36.Ke3 Rf7 37.Rg5  1-0

[Event "Piloo Mody Open"]
[Site "Lucknow IND"]
[Date "2004.10.09"]
[Round "9"]
[White "Saptarshi,R"]
[Black "Shetty,R"]
[Result "1/2-1/2"]
[WhiteElo "2363"]
[BlackElo "2370"]

1.e4 c5 2.Nf3 d6 3.d4 Nf6 4.Nc3 cxd4 5.Nxd4 Nc6 6.Bg5 e6 7.Bc4 Qb6 8.Nb3 a6
9.O-O Ne5 10.Be2 Be7 11.a4 O-O 12.a5 Qc7 13.Nd2 b5 14.axb6 Qxb6 15.Na4 Qc7
16.Be3 Bb7 17.f4 Ned7 18.c4 Nxe4 19.Bd3 f5 20.Bxe4 fxe4 21.Qg4 Rf6 22.Rac1 Raf8
23.b4 Rg6 24.Qe2 Nf6 25.b5 Ng4 26.Bb6 Qb8 27.Nxe4 axb5 28.cxb5 d5 29.Bc7 Qa8
30.Nec5 d4 31.Nxb7 Qxb7 32.Rf3 Ra8 33.Nb2 Ne3 34.Rg3 Ra2 35.b6 Rxg3 36.hxg3 Ba3
37.Rb1 Qe4 38.Kh2 Qxb1  1/2-1/2

[Event "Pre-Olym Tourn"]
[Site "Belo Horizonte BRA"]
[Date "2004.10.11"]
[Round "5"]
[White "Fier,A"]
[Black "Marques,V"]
[Result "1/2-1/2"]
[WhiteElo "2365"]
[BlackElo "2365"]

1.e4 c5 2.Nf3 Nc6 3.d4 cxd4 4.Nxd4 Nf6 5.Nc3 d6 6.Bg5 Bd7 7.Qd2 Rc8 8.O-O-O Nxd4
9.Qxd4 Qa5 10.Bxf6 gxf6 11.Kb1 Rg8 12.Rd3 Qc5 13.Qxc5 Rxc5 14.Rg3 Rxg3 15.hxg3 f5
16.Bd3 h6 17.exf5 Bxf5 18.Bxf5 Rxf5 19.f3 e6 20.g4 Rc5 21.Kc1 d5 22.Ne2 Bg7  1/2-1/2

[Event "FSGM October"]
[Site "Budapest HUN"]
[Date "2004.10.12"]
[Round "11"]
[White "Szabo,K"]
[Black "Wittmann,W"]
[Result "1/2-1/2"]
[WhiteElo "2371"]
[BlackElo "2337"]

1.e4 c5 2.Nf3 d6 3.d4 cxd4 4.Nxd4 Nf6 5.Nc3 Nc6 6.Bg5 Bd7 7.Qd2 Rc8 8.O-O-O Nxd4
9.Qxd4 Qa5 10.f4 h6 11.Bxf6 gxf6 12.Kb1 Qc5 13.Qd3 f5 14.e5 e6 15.Nb5 Bxb5
16.Qxb5+ Kd8 17.Qb3 Rc6 18.Be2 Kc7 19.exd6+  1/2-1/2

[Event "4th Rohde Open"]
[Site "Sautron FRA"]
[Date "2004.10.29"]
[Round "7"]
[White "Colovic,A"]
[Black "Abergel,T"]
[Result "0-1"]
[WhiteElo "2408"]
[BlackElo "2428"]

1.e4 c5 2.Nf3 d6 3.d4 cxd4 4.Nxd4 Nf6 5.Nc3 Nc6 6.Bg5 e6 7.Qd2 a6 8.O-O-O Bd7
9.f4 h6 10.Bxf6 Qxf6 11.Nf3 O-O-O 12.Qe3 g5 13.f5 g4 14.Nd2 h5 15.Kb1 Qd4
16.Qxd4 Nxd4 17.Nc4 Nb5 18.Nb6+ Kc7 19.Nxd7 Nxc3+ 20.bxc3 Kxd7 21.fxe6+ fxe6
22.e5 Rc8 23.h3 g3 24.c4 Rc5 25.exd6 Bxd6 26.Be2 Rf8 27.Bf3 Rxc4 28.Rd3 Rb4+
29.Kc1 Ke7 30.c3 Rb6 31.Kc2 Rf5 32.Rb1 Rxb1 33.Kxb1 b6 34.Kc2 h4 35.Bb7 a5
36.Rf3 b5 37.Re3 Rc5 38.Bf3 Bf4 39.Rd3 Be5 40.Kb3 Rc4 41.a4 Rc5 42.axb5 Rxb5+
43.Ka4 Rc5 44.c4 Kf6 45.Rd7 Rxc4+ 46.Kxa5 Rc3 47.Bb7 Rb3 48.Ka4 Rb2 49.Bf3 Rb6
50.Ka3 Kf5 51.Rb7 Bf6 52.Rf7 Rd6 53.Kb4 Rd4+ 54.Kc5 e5 55.Bc6 Rd2 56.Ra7 Rc2+
57.Kb5 e4 58.Ra4 Rb2+ 59.Rb4 Re2 60.Rc4 Ke5 61.Kb4 Rb2+ 62.Ka3 Rxg2 63.Rxe4+ Kd6
64.Bb7 Rg1 65.Rf4 Be5 66.Rb4 Kc7 67.Ka4 Ra1+ 68.Kb5 Kxb7 69.Kc5+ Kc7  0-1

[Event "WYb16"]
[Site "Heraklio GRE"]
[Date "2004.11.05"]
[Round "2"]
[White "Moranda,W"]
[Black "Rohit,G"]
[Result "1-0"]
[WhiteElo "2458"]
[BlackElo "2281"]

1.e4 c5 2.Nf3 d6 3.d4 cxd4 4.Nxd4 Nf6 5.Nc3 Nc6 6.Bg5 e6 7.Qd2 a6 8.O-O-O Bd7
9.f4 b5 10.Nxc6 Bxc6 11.Qe1 h6 12.Bh4 Be7 13.Bxf6 gxf6 14.Bd3 Qb6 15.Kb1 h5
16.Qg3 O-O-O 17.Rhe1 Rdg8 18.Qh3 Qc5 19.Bf1 Kb8 20.a3 Bb7 21.f5 Qe5 22.Nd5 Bd8
23.Nb4 Re8 24.Nd3 Qd4 25.fxe6 fxe6 26.e5 d5 27.exf6 Bxf6 28.Rxe6 Bc8 29.Qg3+ Ka8
30.Rxe8 Rxe8 31.Qd6 Bb7 32.Qb4 Qg4 33.Re1 Rxe1+ 34.Qxe1 Bd4 35.Qe2 Qh4 36.g3 Qg4
37.Qe8+ Ka7 38.Be2 Qe4 39.Qxh5 Qh1+ 40.Ka2 Bg1 41.Bf3 Qxh2 42.Qxh2 Bxh2 43.g4 Bc8
44.Nb4 Be6 45.Nxd5 Bxd5+ 46.Bxd5 Bf4 47.b4 a5 48.bxa5 Ka6 49.c4 bxc4 50.Bxc4+ Kxa5
51.Kb3 Kb6 52.a4 Bd2 53.Kc2 Bh6 54.Kd3 Bg5 55.Ke4 Kc5 56.Bf1 Bd2 57.Kf5 Kd5
58.g5 Bc3 59.g6 Kd6 60.Bc4 Kc5  1-0

[Event "WYg14"]
[Site "Heraklio GRE"]
[Date "2004.11.06"]
[Round "4"]
[White "Charochkina,D"]
[Black "Lakshmi,Pra"]
[Result "1-0"]
[WhiteElo "2160"]
[BlackElo "2042"]

1.e4 c5 2.Nf3 d6 3.d4 cxd4 4.Nxd4 Nf6 5.Nc3 Nc6 6.Bg5 e6 7.Qd2 Be7 8.O-O-O O-O
9.Nb3 Qb6 10.Be3 Qc7 11.f3 a6 12.Qf2 b5 13.g4 Nd7 14.Kb1 Rb8 15.h4 Nce5 16.Ne2 a5
17.Nc3 Nc4 18.Ba7 Rb7 19.Nd4 Nxb2 20.Kxb2 Rxa7 21.Ndxb5 Rb7 22.Kc1 Qc6 23.g5 Ne5
24.Be2 a4 25.f4 Nc4 26.Qd4 Na5 27.Qxa4 Qb6 28.Qd4 Qc6 29.a4 Rd8 30.h5 Qe8
31.h6 e5 32.Qe3 g6 33.Nd5 Be6 34.Qc3 Nc6 35.a5 Rdb8 36.a6 Rxb5 37.Bxb5 Bxd5
38.Rxd5 Rxb5 39.Rxb5 Nd4 40.Qxd4 exd4 41.a7 Qxb5 42.a8=Q+ Bf8 43.Qd5 Qa4
44.Kb2 Qb4+ 45.Qb3 Qd2 46.Rf1 Qg2 47.Qf3 Qd2 48.Rd1 Qa5 49.Qb3 Qc5 50.Rd3 Qa7
51.Qc4 Qb7+ 52.Kc1 Qxe4 53.Qxd4 Qc6 54.Rb3 f5 55.Rb8 d5 56.Qg7+  1-0

[Event "WYg16"]
[Site "Heraklio GRE"]
[Date "2004.11.06"]
[Round "4"]
[White "Leks,H"]
[Black "Majdan,J"]
[Result "1-0"]
[WhiteElo "2146"]
[BlackElo "2219"]

1.e4 c5 2.Nf3 Nc6 3.d4 cxd4 4.Nxd4 Nf6 5.Nc3 d6 6.Bg5 e6 7.Bb5 Bd7 8.Bxc6 bxc6
9.Qf3 Qb6 10.Nb3 Be7 11.e5 dxe5 12.O-O-O Rd8 13.Rhe1 h6 14.Bxf6 gxf6 15.Ne4 f5
16.Nd6+ Kf8 17.Nc4 Qc7 18.Nxe5 Be8 19.Rxd8 Bxd8 20.Qc3 Rg8 21.g3 Be7 22.Nc5 Qd6
23.Ncd7+ Bxd7 24.Rd1 Qc7 25.Rxd7 Qb6 26.Nxc6 Bg5+ 27.f4 Bxf4+ 28.gxf4 Rg1+
29.Rd1 Rxd1+ 30.Kxd1 Qg1+ 31.Qe1 Qg4+ 32.Qe2 Qg1+ 33.Kd2 Qb6 34.Qf3 h5 35.b3 h4
36.h3 Qg1 37.a4 Qh2+ 38.Kc1 f6 39.Kb2 Qg3 40.Qc3 Qg7 41.Qb4+  1-0

[Event "TCh-BEL 2004-5"]
[Site "Belgium BEL"]
[Date "2004.11.07"]
[Round "3"]
[White "Smeets,J"]
[Black "Jens,J"]
[Result "1-0"]
[WhiteElo "2515"]
[BlackElo "2366"]

1.e4 c5 2.Nf3 d6 3.d4 cxd4 4.Nxd4 Nf6 5.Nc3 Nc6 6.Bg5 e6 7.Qd2 a6 8.O-O-O Bd7
9.f3 Be7 10.h4 h6 11.Be3 h5 12.Bg5 Qb6 13.Nxc6 Qxc6 14.Ne2 Qc7 15.Kb1 b5
16.Nd4 Rb8 17.Bd3 a5 18.Qe2 Qb6 19.Be3 Qb7 20.Bf2 e5 21.Nf5 Bxf5 22.exf5 a4
23.Be4 d5 24.Bxd5 Nxd5 25.Qxe5 Rd8 26.Qxg7 Rf8 27.Rhe1 Qc6 28.Rd4 Kd7 29.Qe5 Kc8
30.c4 Bf6 31.Qxd5 Rxd5 32.Rxd5 Kb7 33.Rxb5+ Ka8 34.Ra5+ Kb7 35.Rb5+ Ka8 36.Ra5+ Kb8
37.Rb5+ Kc8 38.Rc5 Kb7 39.Rxc6 Kxc6  1-0

[Event "Extraliga CZE 2004-5"]
[Site "Czech Rep CZE"]
[Date "2004.11.07"]
[Round "2"]
[White "Manik,M"]
[Black "Zawadzki,S"]
[Result "1/2-1/2"]
[WhiteElo "2510"]
[BlackElo "2398"]

1.e4 c5 2.Nf3 d6 3.d4 cxd4 4.Nxd4 Nf6 5.Nc3 Nc6 6.Bg5 e6 7.Qd2 a6 8.O-O-O h6
9.Be3 Be7 10.f3 Nxd4 11.Bxd4 e5 12.Be3 Be6 13.g4 Rc8 14.Nd5 Bxd5 15.exd5 e4
16.Be2 exf3 17.Bxf3 Nd7 18.Kb1 Bg5 19.h4 Bxe3 20.Qxe3+  1/2-1/2

[Event "Extraliga CZE 2004-5"]
[Site "Czech Rep CZE"]
[Date "2004.11.07"]
[Round "2"]
[White "Hracek,Z"]
[Black "Cvek,R"]
[Result "1-0"]
[WhiteElo "2595"]
[BlackElo "2487"]

1.e4 c5 2.Nf3 Nc6 3.d4 cxd4 4.Nxd4 Nf6 5.Nc3 d6 6.Bg5 e6 7.Qd2 a6 8.O-O-O h6
9.Nxc6 bxc6 10.Bf4 d5 11.Qe3 Be7 12.Be2 O-O 13.h4 Nh7 14.g4 f6 15.Bg3 Qa5
16.exd5 Bc5 17.Qe4 cxd5 18.Nxd5 Ra7 19.Nc3 Bb4 20.Nb1 Kh8 21.a3 Be7 22.f3 Qb6
23.Nd2 f5 24.Qd3 Rd7 25.Qb3 Qa7 26.Be5 Qf2 27.Rh2 Qc5 28.Qc3 Qxc3 29.Bxc3 Bd6
30.Rhh1 Bb7 31.Nc4 Bf4+ 32.Kb1 Rc7 33.Rhg1 fxg4 34.Rxg4 h5 35.Rxf4 Rxf4 36.Be5 Rcxc4
37.Bxc4 Rxc4 38.Rd8+ Nf8 39.Rxf8+ Kh7 40.Rf7 Bd5 41.f4 Be4 42.Bc3 Bf5 43.Rxg7+ Kh6
44.Rg1 a5 45.Rd1 Kg6 46.Rd4 Rxd4 47.Bxd4 Be4 48.a4 Kf5 49.Bb6 Kg4 50.Bd8 Bc6
51.b3 Kxf4 52.Bxa5 e5 53.Bc7 Kf5 54.Kc1 e4 55.Kd2 Kg4 56.Bd8 Kf3 57.Bg5 e3+
58.Bxe3  1-0

[Event "V Open"]
[Site "Sauzal ESP"]
[Date "2004.11.07"]
[Round "7"]
[White "Meijers,V"]
[Black "Hernandez,Gi"]
[Result "1-0"]
[WhiteElo "2465"]
[BlackElo "2509"]

1.e4 c5 2.Nf3 d6 3.d4 cxd4 4.Nxd4 Nf6 5.Nc3 Nc6 6.Bg5 Qb6 7.Nb3 e6 8.Be2 a6
9.O-O Be7 10.Qd2 O-O 11.Bxf6 gxf6 12.Qh6 Kh8 13.Bh5 Bd7 14.Kh1 Ne5 15.f4 Nc4
16.Rf3 Rg8 17.Bxf7 Rg7 18.Bh5 Rag8 19.Rg1 Ne3 20.Rh3 Rxg2 21.Rxg2 Rxg2 22.Rxe3 Rg7
23.Rg3 Rxg3 24.hxg3 Qf2 25.Be2 Qxg3 26.Qh2 Qe1+ 27.Kg2 Bc6 28.Bd3 f5 29.Qg1 Qh4  1-0

[Event "Open"]
[Site "Calcutta IND"]
[Date "2004.11.08"]
[Round "1"]
[White "Ganguly,S"]
[Black "Palit,S"]
[Result "1-0"]
[WhiteElo "2559"]
[BlackElo "2340"]

1.e4 c5 2.Nf3 d6 3.d4 cxd4 4.Nxd4 Nf6 5.Nc3 Nc6 6.Bg5 Qa5 7.Bb5 Bd7 8.Nb3 Qd8
9.a4 e6 10.a5 Be7 11.O-O Qc7 12.Be2 Rc8 13.Nb5 Qb8 14.Bxf6 gxf6 15.a6 bxa6
16.Rxa6 O-O 17.Qd2 d5 18.exd5 Nb4 19.d6 Bxb5 20.dxe7 Bxa6 21.exf8=Q+ Kxf8
22.Bxa6 Nxa6 23.Qd3 Nc5 24.Qxh7 Nxb3 25.cxb3 Ke7 26.Qd3 Rd8 27.Qf3 Qe5 28.Ra1 Rd7
29.Qc3 Rc7 30.Qd2 Rd7 31.Qb4+ Qd6 32.Qxd6+ Rxd6 33.Rxa7+ Kf8 34.g3 Rd3 35.Rb7 Rd2
36.Kg2 Rxb2 37.Kf3 f5 38.h4 Kg7 39.Ke3 Kg6 40.Rb8 Kf6 41.Kf3 Kg6 42.b4 Rb3+
43.Kg2 e5 44.b5 Kg7 45.b6 Kh7 46.Kf1 Rb2 47.h5 f6 48.Ke1 Kg7 49.b7 Kh7 50.Kd1 Kg7
51.Kc1 Rb6 52.Kd2 Rb5 53.Kd3 Rb6 54.Kc4 Rb1 55.Kc5 Rb2 56.Kc6 Rc2+ 57.Kd6 Rb2
58.Re8 Rxb7 59.Re7+ Rxe7 60.Kxe7 f4 61.gxf4 exf4 62.f3 Kh6 63.Kxf6 Kxh5 64.Kf5  1-0

[Event "FSGM November"]
[Site "Budapest HUN"]
[Date "2004.11.10"]
[Round "5"]
[White "Fogarasi,T"]
[Black "Gonda,L"]
[Result "0-1"]
[WhiteElo "2425"]
[BlackElo "2400"]

1.e4 c5 2.Nf3 Nc6 3.d4 cxd4 4.Nxd4 Nf6 5.Nc3 d6 6.Bg5 e6 7.Qd2 a6 8.O-O-O Nxd4
9.Qxd4 Be7 10.f4 b5 11.Bxf6 gxf6 12.Kb1 Qc7 13.f5 Qc5 14.Qd2 Qe5 15.Bd3 Bd7
16.Qh6 Bf8 17.Qh5 b4 18.Ne2 a5 19.Nd4 Ke7 20.Bc4 a4 21.Rhe1 Rc8 22.b3 a3
23.g3 h6 24.Qe2 h5 25.Bb5 Bxb5 26.Qxb5 Qc5 27.Qd3 e5 28.Nb5 Rc6 29.c4 bxc3
30.Rc1 Bh6 31.Rxc3 Qb4 32.Rec1 Rhc8 33.R1c2 Kf8 34.Ka1 Qxb5  0-1

[Event "WYb18"]
[Site "Heraklio GRE"]
[Date "2004.11.10"]
[Round "7"]
[White "Vrbljanac,A"]
[Black "Gerzhoy,L"]
[Result "1/2-1/2"]
[WhiteElo "2195"]
[BlackElo "2372"]

1.e4 c5 2.Nf3 d6 3.d4 cxd4 4.Nxd4 Nf6 5.Nc3 Nc6 6.Bg5 e6 7.Qd2 Be7 8.O-O-O O-O
9.f4 Nxd4 10.Qxd4 Qa5 11.Bc4 Bd7 12.Bb3 Bc6 13.Rhe1 b5 14.Nd5 Nxd5 15.exd5 e5
16.Qe4 Bxg5 17.dxc6 Bxf4+ 18.Kb1 Qc7 19.g3 Bg5 20.Qd5 Be7 21.Rf1 Kh8 22.Rxf7 Rxf7
23.Qxf7 Rf8 24.Qd5 b4 25.Bc4 a5 26.Rf1 Rxf1+ 27.Bxf1 g6 28.Qf7 Qxc6 29.Qxe7 Qf3
30.Qe8+ Kg7 31.Qd7+ Kh8 32.Qc8+ Kg7 33.Qd7+  1/2-1/2

[Event "Open"]
[Site "Calcutta IND"]
[Date "2004.11.11"]
[Round "5"]
[White "Bakre,T"]
[Black "Shetty,R"]
[Result "1-0"]
[WhiteElo "2491"]
[BlackElo "2369"]

1.e4 c5 2.Nf3 d6 3.d4 cxd4 4.Nxd4 Nf6 5.Nc3 Nc6 6.Bg5 e6 7.Qd2 a6 8.O-O-O Nxd4
9.Qxd4 Be7 10.f4 b5 11.Bxf6 gxf6 12.f5 Qc7 13.Be2 Qc5 14.Qxc5 dxc5 15.fxe6 fxe6
16.Bh5+ Kf8 17.e5 f5 18.g4 Rg8 19.Rhf1 Ra7 20.Ne4 Rd7 21.Nd6 Bxd6 22.gxf5 exf5
23.Rxf5+ Kg7 24.exd6 c4 25.Rg5+ Kh8 26.Rxg8+ Kxg8 27.Bg4 Rd8 28.d7 Bb7 29.Rd6 Kf7
30.Rb6 Bd5 31.Rxa6 Ke7 32.Rh6 Rf8 33.Rxh7+ Kd8 34.Rh5 Bc6 35.Rf5 Rg8 36.h3 Kc7
37.Rf7 b4 38.Rf4 Bb5 39.b3 c3 40.Rxb4 Bxd7 41.Rc4+  1-0

[Event "FSGM November"]
[Site "Budapest HUN"]
[Date "2004.11.12"]
[Round "7"]
[White "Ziatdinov,R"]
[Black "Wittmann,W"]
[Result "0-1"]
[WhiteElo "2464"]
[BlackElo "2339"]

1.e4 c5 2.Nf3 d6 3.d4 cxd4 4.Nxd4 Nf6 5.Nc3 Nc6 6.Bg5 e6 7.Qd2 a6 8.O-O-O Bd7
9.f4 Be7 10.Nf3 b5 11.Bxf6 gxf6 12.g3 Qa5 13.Kb1 b4 14.Ne2 Qc5 15.Bh3 a5
16.f5 e5 17.Ne1 Na7 18.Nd3 Qc4 19.Nf2 Nb5 20.Bf1 Qc7 21.Nc1 Rb8 22.Bxb5 Rxb5
23.Ng4 Bc6 24.Qd3 d5 25.exd5 Rxd5 26.Qe2 Qb7 27.Rxd5 Bxd5 28.Rf1 a4 29.Ne3 Be4
30.Nc4 O-O 31.Nd2 Bd5 32.Re1 Rc8 33.g4 Qc6 34.Ne4 a3 35.b3 Bxe4 36.Qxe4 Qc3
37.Nd3 Qxc2+ 38.Ka1 Rc3  0-1

[Event "Open"]
[Site "Calcutta IND"]
[Date "2004.11.12"]
[Round "6"]
[White "Saptarshi,R"]
[Black "Bakre,T"]
[Result "1/2-1/2"]
[WhiteElo "2425"]
[BlackElo "2491"]

1.e4 c5 2.Nf3 d6 3.d4 Nf6 4.Nc3 cxd4 5.Nxd4 Nc6 6.Bg5 e6 7.Qd2 Be7 8.O-O-O O-O
9.f3 a6 10.Be3 d5 11.exd5 Nxd5 12.Nxd5 Qxd5 13.Kb1 Bf6 14.c4 Qd7 15.Nb3 Qc7  1/2-1/2

[Event "WYb16"]
[Site "Heraklio GRE"]
[Date "2004.11.12"]
[Round "10"]
[White "Baramidze,D"]
[Black "Kononenko,Dmitry1"]
[Result "1-0"]
[WhiteElo "2543"]
[BlackElo "2435"]

1.e4 c5 2.Nf3 Nc6 3.d4 cxd4 4.Nxd4 Nf6 5.Nc3 d6 6.Bg5 e6 7.Qd2 a6 8.O-O-O h6
9.Be3 Bd7 10.f3 b5 11.Nxc6 Bxc6 12.Ne2 Qc7 13.Kb1 Nd7 14.Nf4 Ne5 15.h4 Be7
16.Qf2 Qb7 17.Bd4 O-O-O 18.Nd3 Bf6 19.Nb4 Be8 20.Bb6 Rd7 21.Be2 Bd8 22.Bd4 a5
23.Nd3 f6 24.f4 Nxd3 25.Rxd3 e5 26.Be3 h5 27.Rd5 b4 28.Rhd1 Bc7 29.Qf1 Qa8
30.fxe5 Bf7 31.Ba6+ Kd8 32.exd6  1-0

[Event "FSIM November"]
[Site "Budapest HUN"]
[Date "2004.11.13"]
[Round "8"]
[White "Bernard,Ja"]
[Black "Solomons,D"]
[Result "0-1"]
[WhiteElo "2232"]
[BlackElo "2249"]

1.e4 c5 2.Nf3 Nc6 3.d4 cxd4 4.Nxd4 Nf6 5.Nc3 d6 6.Bg5 e6 7.Qd2 Be7 8.O-O-O O-O
9.Nb3 Qb6 10.f3 Rd8 11.Be3 Qc7 12.Qf2 Nd7 13.Nb5 Qb8 14.g4 a6 15.N5d4 Nxd4
16.Nxd4 Qc7 17.Kb1 b5 18.g5 Nf8 19.f4 d5 20.f5 e5 21.Nxb5 axb5 22.Bb6 Qb7
23.f6 Bxf6 24.gxf6 Rd6 25.fxg7 Ne6 26.Bc5 Rda6 27.Rxd5 Bd7 28.a3 Ra4 29.Bb4 Bc6
30.Rxe5 Rxb4 31.axb4 Qa6 32.c3 Qa1+ 33.Kc2 Ra2 34.Kd3 Rxb2 35.Bh3 Qxh1 36.Qxb2 Nf4+
37.Ke3 Nxh3 38.Qd2 Qg1+ 39.Kf3 h6 40.Qg2 Bxe4+ 41.Rxe4 Ng5+  0-1

[Event "FSGM November"]
[Site "Budapest HUN"]
[Date "2004.11.15"]
[Round "10"]
[White "Boros,De"]
[Black "Wittmann,W"]
[Result "1/2-1/2"]
[WhiteElo "2414"]
[BlackElo "2339"]

1.e4 c5 2.Nf3 d6 3.d4 cxd4 4.Nxd4 Nf6 5.Nc3 Nc6 6.Bg5 e6 7.Qd2 a6 8.O-O-O Bd7
9.f4 Be7 10.Nf3 b5 11.Bxf6 gxf6 12.Kb1 Qb6 13.f5 O-O-O 14.Ne2 Qf2 15.fxe6 fxe6
16.Nf4 Qxd2 17.Rxd2 Kb7 18.g3 Rhf8 19.Bg2 Rde8 20.Bh3 f5 21.exf5 exf5 22.c3 Na5
23.Nd4 Bg5 24.Rf2 Nc4 25.Bg2+ Kc8 26.Bd5 Ne3 27.Be6 Ng4 28.Rff1 Ne3 29.Rf3 Bxf4
30.Bxd7+ Kxd7 31.Rxf4 Re4 32.Rf2 Rfe8 33.a3 R8e5 34.Rd2 Nc4 35.Rf2 Ne3 36.Rd2 Nc4  1/2-1/2

[Event "Acropolis GM"]
[Site "Athens GRE"]
[Date "2004.11.17"]
[Round "2"]
[White "Vouldis,A"]
[Black "Kotronias,V"]
[Result "1/2-1/2"]
[WhiteElo "2524"]
[BlackElo "2599"]

1.e4 c5 2.Nf3 Nc6 3.d4 cxd4 4.Nxd4 Nf6 5.Nc3 d6 6.Bg5 e6 7.Qd2 a6 8.O-O-O Bd7
9.f4 b5 10.Bxf6 gxf6 11.Kb1 Qb6 12.Nce2 Rc8 13.g3 Na5 14.b3 Nc6 15.Bg2 Be7
16.c3 Nxd4 17.Nxd4 Rc7 18.Rhe1 Qc5 19.Re3 a5  1/2-1/2

[Event "It"]
[Site "Piestany SVK"]
[Date "2004.11.18"]
[Round "2"]
[White "Pinter,E"]
[Black "Mrva,Mart"]
[Result "0-1"]
[WhiteElo "2375"]
[BlackElo "2507"]

1.e4 c5 2.Nf3 Nc6 3.d4 cxd4 4.Nxd4 Nf6 5.Nc3 d6 6.Bg5 Qb6 7.Nb3 e6 8.Bd3 Be7
9.O-O a6 10.Qe2 O-O 11.Rae1 Qc7 12.f4 h6 13.Bh4 Nb4 14.e5 Nfd5 15.Nxd5 exd5
16.Bxe7 Qxe7 17.exd6 Qxd6 18.Nd4 Bd7 19.Qd2 Rfe8 20.Be2 Re4 21.c3 Rae8 22.Bf3 Rxe1
23.Rxe1 Rxe1+ 24.Qxe1 Nd3 25.Qh4 Nxf4 26.Qd8+ Kh7 27.g3 Ne6 28.Qh4 Qe5 29.Kf2 g5
30.Qh5 Qf6 31.Kg2 Ng7  0-1

[Event "It"]
[Site "Piestany SVK"]
[Date "2004.11.20"]
[Round "4"]
[White "Pinter,E"]
[Black "Lyanguzov,O"]
[Result "1-0"]
[WhiteElo "2375"]
[BlackElo "2326"]

1.e4 c5 2.Nf3 d6 3.d4 cxd4 4.Nxd4 Nf6 5.Nc3 Nc6 6.Bg5 e6 7.Qd2 Be7 8.O-O-O Nxd4
9.Qxd4 a6 10.f4 b5 11.Bxf6 gxf6 12.e5 d5 13.Kb1 Bb7 14.f5 fxe5 15.Qxe5 Bf6
16.Qg3 Qe7 17.fxe6 fxe6 18.Be2 h5 19.a4 d4 20.Bf3 Bxf3 21.Qxf3 O-O 22.Ne4 Bg7
23.Qxh5 Rf5 24.Qg6 bxa4 25.Rxd4 Rb8 26.Rhd1 Kh8 27.c3 Rfb5 28.b4 Bxd4 29.Rxd4 Rf5
30.g3 Qh7 31.Qxe6 Rbf8 32.Kb2 Qxh2+ 33.Nd2 Qxg3 34.Qh6+ Kg8 35.Rd6 Rg5 36.Ne4 Qg2+
37.Ka3 Rg7 38.Nf6+ Rxf6 39.Qxf6 Qg3 40.Rxa6 Qd3 41.Qe6+ Rf7 42.Qg4+ Kh7 43.Qh5+ Kg8
44.Qg5+ Kh8 45.Qh6+  1-0

[Event "It"]
[Site "Piestany SVK"]
[Date "2004.11.20"]
[Round "5"]
[White "Smolen,J"]
[Black "Pinter,E"]
[Result "0-1"]
[WhiteElo "2334"]
[BlackElo "2375"]

1.e4 c5 2.Nf3 d6 3.d4 cxd4 4.Nxd4 Nf6 5.Nc3 Nc6 6.Bg5 e6 7.Qd2 a6 8.O-O-O h6
9.Nxc6 bxc6 10.Bf4 d5 11.Qe3 Qa5 12.Be2 Bb7 13.Be5 Nd7 14.exd5 cxd5 15.Qg3 Nxe5
16.Qxe5 O-O-O 17.Bh5 Rd7 18.Rhe1 Qc7 19.Qd4 Qxh2 20.Na4 Kb8 21.Bf3 Qd6 22.a3 Rc7
23.Re3 Rc4 24.Qxc4 dxc4 25.Rxd6 Bxd6 26.Rc3 Be5 27.Rxc4 Bxf3 28.gxf3 h5 29.Nc5 Bd6
30.Ne4 Bf4+ 31.Kb1 h4 32.Rd4 f5 33.Nc3 Be5 34.Rd1 Bxc3 35.bxc3 g5 36.Kc1 Kc7
37.Rg1 h3 38.Kd2 Kd6 39.Ke3 Ke5 40.f4+ gxf4+ 41.Kf3 h2 42.Re1+ Kd5 43.Kg2 h1=Q+  0-1

[Event "3rd Cup Russia Wom Final"]
[Site "Voronezh RUS"]
[Date "2004.11.20"]
[Round "7"]
[White "Semenova,Ir"]
[Black "Shaidullina,S"]
[Result "1-0"]
[WhiteElo "2287"]
[BlackElo "2308"]

1.e4 c5 2.Nf3 d6 3.d4 cxd4 4.Nxd4 Nf6 5.Nc3 Nc6 6.Bg5 e6 7.Qd2 a6 8.f3 Bd7
9.Nb3 Qc7 10.O-O-O O-O-O 11.Kb1 Be8 12.Qf2 Be7 13.h4 Kb8 14.g4 Ne5 15.Rd4 d5
16.Bxf6 Bxf6 17.g5 Ng4 18.fxg4 Bxd4 19.Qxd4 dxe4 20.Qxg7 Bc6 21.Be2 b5 22.a3 Rhg8
23.Qf6 Rg6 24.Qf1 e5 25.Qg1 Bb7 26.Qe3 Rc8 27.Rc1 Rc6 28.Nd5 Qd6 29.Nb4 R6c7
30.Rd1 Qe6 31.Rf1 Rd8 32.Rf6 Qc8 33.Na5 Rd4 34.c3 Rd3 35.Nxd3 exd3 36.Bxd3 Qxg4
37.Nxb7 Rxb7 38.Qxe5+ Ka7 39.Qd4+ Qxd4 40.cxd4 Rd7 41.Bxh7  1-0

[Event "Petrosian Mem Open"]
[Site "Yerevan ARM"]
[Date "2004.11.22"]
[Round "4"]
[White "Asrian,K"]
[Black "Arutinian,D"]
[Result "1/2-1/2"]
[WhiteElo "2591"]
[BlackElo "2451"]

1.e4 c5 2.Nf3 Nc6 3.d4 cxd4 4.Nxd4 Nf6 5.Nc3 d6 6.Bg5 e6 7.Qd2 a6 8.O-O-O Nxd4
9.Qxd4 Be7 10.f4 O-O 11.Bc4 b5 12.Bb3 Rb8 13.Bxf6 Bxf6 14.Qxd6 Bb7 15.Qxd8 Rfxd8
16.Rhe1 b4 17.Rxd8+ Rxd8 18.Na4 Bc6 19.Nc5 a5 20.Ba4 Be7 21.Bxc6 Bxc5 22.Bb5 Bd4
23.e5 g5 24.g3 h6 25.Bd3 Kg7 26.Re4 Bg1 27.Re2 Bd4 28.Re4 Bg1 29.Re2 Bd4
30.h4 Rd5 31.h5 gxf4 32.gxf4 Kf8 33.Re4 Bc5 34.Kd2 Rd4 35.Ke3 Rxe4+ 36.Kxe4 Ke7
37.f5 exf5+ 38.Kd5 Bb6 39.Bxf5 Bc7 40.c4 bxc3 41.bxc3 Bb8 42.a4 Bc7 43.Bh3 Bb8
44.Bg4 Bc7 45.Bf5 Bb8 46.c4 Bc7 47.Bb1 Bb8 48.Bc2 Bc7 49.Bd3 Bb8 50.Be4 Bc7
51.Bf5 Bb8 52.Bb1 Bc7 53.c5 Bb8 54.Bd3 Bc7 55.Bh7 Bb8 56.Bg8 Bc7 57.c6 f6
58.e6 f5 59.Bh7 f4 60.Be4 Kf6 61.Bf3 Ke7 62.Bg4 Kf6 63.Ke4 Bd6 64.Kd4 Bc7
65.Kd3 Ke7 66.Bh3 Kf6 67.Ke4 Bb8 68.Bg4 Bc7 69.Kd5 Ke7 70.Bf3 Kf6 71.Be2 Ke7
72.Bc4 Kf6 73.Ke4 Bb8 74.Kd4 Bc7 75.Bd5 Ke7 76.Kd3 Kf6 77.Ke4 Bb8 78.Bb3 Bc7
79.Bc4 Bb8 80.Kd3 Bc7 81.Kd4 Ke7 82.Ke4 Kf6 83.Bd5 Bb8 84.e7 Kxe7 85.Kf5 f3
86.Bxf3 Kd8  1/2-1/2

[Event "Acropolis WGM Open"]
[Site "Athens GRE"]
[Date "2004.11.23"]
[Round "8"]
[White "Mietzner,T"]
[Black "Petraki,M"]
[Result "1/2-1/2"]
[WhiteElo "2235"]
[BlackElo "2108"]

1.e4 c5 2.Nf3 d6 3.d4 cxd4 4.Nxd4 Nf6 5.Nc3 Nc6 6.Bg5 Bd7 7.Nb3 a6 8.f3 e6
9.Qd2 Qc7 10.a4 Rc8 11.Be2 Be7 12.O-O Ne5 13.Rad1 h6 14.Bf4 Nh5 15.Be3 Nf6
16.a5 Nc4 17.Bxc4 Qxc4 18.Bb6 O-O 19.Qf2 e5 20.Rd2 Be6 21.Rfd1 Qb4 22.Na2 Qa4
23.Nc3 Qb4 24.Na2 Qa4 25.Nc3 Qb4 26.Na2  1/2-1/2

[Event "It"]
[Site "Piestany SVK"]
[Date "2004.11.24"]
[Round "9"]
[White "Smolen,J"]
[Black "Lanc,A"]
[Result "1-0"]
[WhiteElo "2334"]
[BlackElo "2410"]

1.e4 c5 2.Nf3 Nc6 3.d4 cxd4 4.Nxd4 Nf6 5.Nc3 d6 6.Bg5 e6 7.Qd2 a6 8.O-O-O h6
9.Nxc6 bxc6 10.Bf4 d5 11.Qe3 Be7 12.Be2 Nd7 13.h4 Bb7 14.Qg3 Rc8 15.Qxg7 Bf6
16.Qg3 e5 17.Bd2 d4 18.Nb1 c5 19.Na3 Bxe4 20.f4 Ke7 21.Nc4 Rg8 22.Qe1 Qc7
23.Bf3 Bxf3 24.gxf3 Qc6 25.fxe5 Bh8 26.h5 Qe6 27.Qh4+ Kf8 28.b3 Re8 29.f4 Rg2
30.Rhg1 Qd5 31.Qh3 Rg7 32.Nd6 Re6 33.Qh4 f6 34.Rxg7 Bxg7 35.Rg1 Rxd6 36.exd6 Qxd6
37.Qg4 Qe7 38.Qg2 f5 39.Qa8+ Kf7 40.Re1  1-0

[Event "3rd Cup Russia Wom Final"]
[Site "Voronezh RUS"]
[Date "2004.11.24"]
[Round "11"]
[White "Kochetkova,J"]
[Black "Shaidullina,S"]
[Result "1/2-1/2"]
[WhiteElo "2311"]
[BlackElo "2308"]

1.e4 c5 2.Nf3 d6 3.d4 Nf6 4.Nc3 cxd4 5.Nxd4 Nc6 6.Bg5 e6 7.Qd2 h6 8.Bxf6 gxf6
9.O-O-O a6 10.f4 Qb6 11.Nb3 Bd7 12.Kb1 O-O-O 13.Bd3 h5 14.Rhf1 Kb8 15.Be2 Na5
16.Nxa5 Qxa5 17.Qd4 Be7 18.Bf3 Qc5 19.Qd2 h4 20.Rfe1 Bc6 21.Re3 Rc8 22.Ne2 e5
23.Rc3 Qf2 24.Re3 exf4 25.Rc3 Bb5 26.Rxc8+ Rxc8 27.Nxf4 Qxd2 28.Rxd2 Bc6
29.Bg4 Re8 30.Bf5 Bf8 31.Nh5 Be7 32.a3 Kc7 33.Rd3 Bd8 34.Rd4 Rg8 35.Nf4 Be7
36.Rd2 Bf8 37.Nh5 Bh6 38.Rf2 Bg5 39.Nf4 Re8 40.Nd5+  1/2-1/2